| 000 | 00440nam a2200181Ia 4500 | ||
|---|---|---|---|
| 005 | 20251020182611.0 | ||
| 008 | 200515s9999 xx 000 0 und d | ||
| 082 | _aSC/666.94(85)/P45/1-13 | ||
| 110 | _aAsociación de Productores de Cemento | ||
| 245 | 0 | _aCemento : Boletines Técnicos (1 al 13) | |
| 260 | _aLima | ||
| 260 | _c199? | ||
| 300 | _a88 | ||
| 650 | _aAGREGADOS | ||
| 650 | _aCEMENTO | ||
| 650 | _aCONCRETO | ||
| 942 | _cLIB | ||
| 999 |
_c3356 _d3356 |
||